banner-ar

ABU MIHNAF: EIN BEITRAG ZUR HISTORGRAPHIE DER UMAIYADISCHEM ZEIT / (Record no. 12310)

MARC details
000 -الفاتح
حقل البيانات ثابتة الطول 00443nam a2200169Ia 4500
040 ## - مصدر الفهرسة
وكالة الفهرسة الأصلية GCL /
وكالة النسخ GCL
082 04 - رقم تصنيف ديوى العشرى
رقم التصنيف 953.02
رقم المادة S A
100 1# - المدخل الرئيسى - إسم شخصى
الإسم الشخصى SEZGIN, URSULA
245 10 - بيان العنوان
العنوان ABU MIHNAF: EIN BEITRAG ZUR HISTORGRAPHIE DER UMAIYADISCHEM ZEIT /
بيان المسئوليه,etc SEZGIN, URSULA
260 ## - PUBLICATION, DISTRIBUTION, ETC. (IMPRINT)
تاريخ النشر أو التوزيع 1971
300 ## - الوصف المادى
التعداد 251 P
650 04 - المدخل الاضافى بالموضوع-مصطلح موضوعى
مصطلح موضوعي ABU MIHANAF
650 04 - المدخل الاضافى بالموضوع-مصطلح موضوعى
مصطلح موضوعي UMMAYAH PERIOD
650 04 - المدخل الاضافى بالموضوع-مصطلح موضوعى
مصطلح موضوعي ISLAM - HISTORY
942 ## - عناصر المدخل الإضافي( كوها)
مصدر التصنيف او مخطط الترفيف Dewey Decimal Classification
Koha [default] item type كتاب
260 ## - PUBLICATION, DISTRIBUTION, ETC. (IMPRINT)
-- [S.N] :
-- E. J. BRILL ،
Holdings
حالة التراجع حالة الفقد حالة تلف ليس للاعارة المكان المؤقت الموقع الحالى تاريخ الاكتساب اجمالي اﻻعارات رقم الطلب الباركود تاريخ اخر مشاهدة تاريخ تفعيل السعر نوع وعاء كوها
        مكتبة القاهرة الكبرى مكتبة القاهرة الكبرى 03/26/2014   953.02\S A 24005 03/26/2014 03/26/2014 كتاب

Powered By

EGPV